| 000 | 00690nam a22002297a 4500 | ||
|---|---|---|---|
| 003 | BPGM | ||
| 008 | 260408m mx ddddgr|||| 001 0 spa d | ||
| 020 | _a968-853-122-7 | ||
| 040 | _bspa | ||
| 041 |
_aSPA _hSPA |
||
| 082 | 0 | 4 |
_a793.32 _bL32 |
| 100 |
_9LABAN, RUDOLF _aLABAN, RUDOLF |
||
| 245 |
_aDanza Educaiva Moderna _bPAIDOS Tecnicas y Lenguaje Corporales |
||
| 260 |
_aMexico, Buenos Aires, Barcelona _bPAIDOS _c1998 |
||
| 300 |
_a133 pag. _c19.5x 13.5 |
||
| 336 |
_2rdacontent _atexto _btxt |
||
| 337 |
_2rdamedia _asin mediación _bn |
||
| 338 |
_2rdacarrier _avolumen _bnc |
||
| 650 |
_v793.32 _x700 _y90 _z3 |
||
| 700 |
_aARES VIDAL AMANDA _eTraductor |
||
| 942 |
_2ddc _cCONSULTA |
||
| 999 |
_c68562 _d68562 |
||